[Event "Wroclaw op"]
[Site "Wroclaw"]
[Date "2017.08.12"]
[Round "5"]
[White "Szczepaniak, Lukasz"]
[Black "Zamekhovskiy, Yevgen"]
[Result "1-0"]
[WhiteElo "2163"]
[BlackElo "1707"]
[PlyCount "89"]
[EventDate "2017.08.10"]
[EventType "swiss"]
[EventRounds "9"]
[EventCountry "POL"]
[SourceTitle "CBM 180 Extra"]
[Source "ChessBase"]
[SourceDate "2017.10.06"]
[SourceVersion "1"]
[SourceVersionDate "2017.10.06"]
[SourceQuality "1"]

1. e4 d6 2. d4 Nf6 3. Bd3 e5 4. c3 Be7 5. Nf3 0-0 6. 0-0 Nbd7 7. Re1 a6 8. Nbd2 b6 9. Nf1 Re8 10. Ng3 g6 11. h3 Bf8 12. Bg5 h6 13. Bd2 Bb7 14. Qc2 Bg7 15. Rad1 Qe7 16. Bc1 Rac8 17. Qe2 b5 18. a4 c6 19. b3 d5 20. exd5 Nxd5 21. Qc2 Qf8 22. Bb2 exd4 23. Nxd4 Ne5 24. Be4 bxa4 25. bxa4 Qc5 26. Qb3 Ba8 27. Nxc6 Bxc6 28. Bxd5 Rb8 29. Qa3 Qxa3 30. Bxa3 Bxd5 31. Bd6 Bb3 32. Rb1 Rb6 33. Ne4 f5 34. Bc7 Rc6 35. Nd6 Ra8 36. f4 Rxc7 37. fxe5 Be6 38. c4 Rc6 39. a5 Bf8 40. Rb6 Rxb6 41. axb6 Bxd6 42. exd6 Bxc4 43. b7 Rd8 44. d7 Bf7 45. Rc1 1-0

[Event "Krakow op-A 27th"]
[Site "Krakow"]
[Date "2016.12.31"]
[Round "6"]
[White "Barski, Radoslaw"]
[Black "Szczepaniak, Lukasz"]
[Result "1-0"]
[WhiteElo "2422"]
[BlackElo "2145"]
[PlyCount "87"]
[EventDate "2016.12.27"]
[EventType "swiss"]
[EventRounds "9"]
[EventCountry "POL"]
[SourceTitle "CBM 176 Extra"]
[Source "ChessBase"]
[SourceDate "2017.03.02"]
[SourceVersion "1"]
[SourceVersionDate "2017.03.02"]
[SourceQuality "1"]

1. c4 e5 2. g3 Nf6 3. Bg2 d5 4. cxd5 Nxd5 5. Nf3 Nc6 6. 0-0 Be7 7. d4 exd4 8. Nxd4 Nxd4 9. Qxd4 Nf6 10. Qa4+ c6 11. Nc3 0-0 12. e4 Be6 13. Be3 Ng4 14. Rad1 Qc7 15. Bf4 Qb6 16. Qc2 Bc4 17. Na4 Qb5 18. h3 Ne5 19. Nc3 Qa5 20. Rfe1 Rad8 21. Bxe5 Qxe5 22. Nd5 Ba6 23. f4 Qe6 24. f5 Qe5 25. Nxe7+ Qxe7 26. e5 Rxd1 27. Qxd1 Rd8 28. Qg4 h5 29. Qf4 Qc5+ 30. Kh2 Qd4 31. Qg5 Qd2 32. Qe7 Qxe1 33. Qxd8+ Kh7 34. e6 fxe6 35. Qe8 Bc4 36. Qg6+ Kh8 37. Qe8+ Kh7 38. Qxh5+ Kg8 39. Qe8+ Kh7 40. Qg6+ Kh8 41. f6 gxf6 42. Qxf6+ Kg8 43. Qg5+ Kf7 44. Qf4+ 1-0

[Event "POL-chT 2nd League"]
[Site "Jastrzebia Gora"]
[Date "2016.09.11"]
[Round "9.5"]
[White "Rawicz, Karol"]
[Black "Szczepaniak, Lukasz"]
[Result "1-0"]
[WhiteElo "2216"]
[BlackElo "2173"]
[PlyCount "81"]
[EventDate "2016.09.03"]
[EventType "team-swiss"]
[EventRounds "9"]
[EventCountry "POL"]
[SourceTitle "EXT 2017"]
[Source "ChessBase"]
[SourceDate "2016.10.25"]
[SourceVersion "1"]
[SourceVersionDate "2016.10.25"]
[SourceQuality "1"]
[WhiteTeam "Lodz Okucia Budowlane"]
[BlackTeam "Kopernik WKS"]
[WhiteTeamCountry "POL"]
[BlackTeamCountry "POL"]

1. e4 e5 2. Nf3 Nc6 3. Bc4 Bc5 4. c3 Nf6 5. d3 d6 6. Bb3 a6 7. Nbd2 Ba7 8. Nf1 Ne7 9. Ng3 Ng6 10. 0-0 0-0 11. h3 c6 12. d4 h6 13. Be3 Nh7 14. dxe5 dxe5 15. Qxd8 Rxd8 16. Rad1 Rf8 17. Rd6 Bxe3 18. Rxg6 Bc5 19. Nh5 Kh8 20. Nxe5 Be6 21. Bxe6 Ng5 22. Rxg7 Rae8 23. Nxf7+ Nxf7 24. Bxf7 Re7 25. Bb3 Rxg7 26. Nxg7 Kxg7 27. g3 Kf6 28. Kg2 Ke5 29. Bc2 Rd8 30. Rd1 Rxd1 31. f4+ Kd6 32. Bxd1 Be3 33. Kf3 Bc1 34. b3 Bb2 35. c4 Kc5 36. e5 b5 37. cxb5 axb5 38. Ke4 Kb4 39. a4 bxa4 40. bxa4 c5 41. f5 1-0

[Event "POL-chT U26 rapid"]
[Site "Hucisko"]
[Date "2016.01.17"]
[Round "7.11"]
[White "Szczepaniak, Lukasz"]
[Black "Wiewiora, Eneasz"]
[Result "0-1"]
[WhiteElo "2146"]
[BlackElo "2294"]
[PlyCount "62"]
[EventDate "2016.01.16"]
[EventType "team-swiss (rapid)"]
[EventRounds "9"]
[EventCountry "POL"]
[SourceTitle "CBM 170 Extra"]
[Source "ChessBase"]
[SourceDate "2016.02.25"]
[SourceVersion "1"]
[SourceVersionDate "2016.02.25"]
[SourceQuality "1"]
[WhiteTeam "Wroclaw PWr"]
[BlackTeam "Katowice UE"]
[WhiteTeamCountry "POL"]
[BlackTeamCountry "POL"]

1. e4 d6 2. d4 Nf6 3. Nc3 e5 4. dxe5 dxe5 5. Qxd8+ Kxd8 6. Nf3 Bd6 7. Bg5 Be6 8. 0-0-0 Ke7 9. Nh4 g6 10. Nf3 Nbd7 11. Bb5 c6 12. Ba4 h6 13. Bh4 b5 14. Bb3 Bxb3 15. axb3 Ke6 16. Rhe1 g5 17. Bg3 Nh5 18. Re2 Nxg3 19. Red2 Bc5 20. hxg3 Nb6 21. Kb1 a5 22. Rh1 f6 23. Rdd1 a4 24. bxa4 b4 25. Ne2 Rxa4 26. Nc1 Rha8 27. Nb3 Bf8 28. g4 c5 29. Kc1 c4 30. Nbd2 c3 31. Nb3 Ra1+ 0-1

[Event "POL-chT 2nd League"]
[Site "Jastrzebia Gora"]
[Date "2015.09.07"]
[Round "3.5"]
[White "Ziabek, Patryk"]
[Black "Szczepaniak, Lukasz"]
[Result "1/2-1/2"]
[WhiteElo "2038"]
[BlackElo "2127"]
[PlyCount "80"]
[EventDate "2015.09.05"]
[EventType "team-swiss"]
[EventRounds "9"]
[EventCountry "POL"]
[SourceTitle "EXT 2017"]
[Source "ChessBase"]
[SourceDate "2016.10.25"]
[SourceVersion "1"]
[SourceVersionDate "2016.10.25"]
[SourceQuality "1"]
[WhiteTeam "Ostrow Wielkopolski"]
[BlackTeam "Kopernik WKS"]
[WhiteTeamCountry "POL"]
[BlackTeamCountry "POL"]

1. Nf3 Nf6 2. b3 g6 3. Bb2 Bg7 4. g3 0-0 5. Bg2 c5 6. 0-0 Nc6 7. d4 cxd4 8. Nxd4 Nxd4 9. Bxd4 d6 10. c4 Nd7 11. Bxg7 Kxg7 12. Qd4+ Kg8 13. Nc3 Nc5 14. f4 Bd7 15. e4 Bc6 16. b4 Na4 17. Nxa4 Bxa4 18. Rac1 Bc6 19. Rfd1 b6 20. b5 Bb7 21. e5 Bxg2 22. Kxg2 dxe5 23. Qxe5 Qc8 24. c5 bxc5 25. Rxc5 Qb7+ 26. Qd5 Qxd5+ 27. Rdxd5 Rfb8 28. Rc7 a6 29. bxa6 Rb2+ 30. Kh3 Rxa6 31. Rxe7 Rbxa2 32. Rdd7 Rf6 33. Ra7 Rxa7 34. Rxa7 Kg7 35. Ra5 h5 36. Kh4 Rb6 37. Rc5 Rd6 38. Ra5 Rb6 39. Rc5 Rd6 40. Ra5 Rb6 1/2-1/2

[Event "POL-chT3 Dolnoslaskie 1415"]
[Site "Poland"]
[Date "2015.01.11"]
[Round "5.17"]
[White "Grzesik, Norbert"]
[Black "Szczepaniak, Lukasz"]
[Result "1-0"]
[WhiteElo "1921"]
[BlackElo "2046"]
[PlyCount "129"]
[EventDate "2014.10.26"]
[EventType "team-tourn"]
[EventRounds "11"]
[EventCountry "POL"]
[SourceTitle "EXT 2018"]
[Source "ChessBase"]
[SourceDate "2017.10.13"]
[SourceVersion "1"]
[SourceVersionDate "2017.10.13"]
[SourceQuality "1"]
[WhiteTeam "Olesnica Pogon"]
[BlackTeam "Kopernik WKS"]
[WhiteTeamCountry "POL"]
[BlackTeamCountry "POL"]

1. e4 e5 2. Nf3 Nc6 3. Bc4 Bc5 4. c3 Nf6 5. d3 d6 6. Nbd2 a6 7. Bb3 Ba7 8. h3 Ne7 9. Nf1 Ng6 10. Ng3 0-0 11. 0-0 c6 12. Qe2 Nf4 13. Bxf4 exf4 14. Nf5 Bxf5 15. exf5 Qd7 16. Nh4 d5 17. Bc2 d4 18. Qd2 Qd6 19. Nf3 Nh5 20. Rfe1 Rfe8 21. Rxe8+ Rxe8 22. Re1 Rd8 23. Qe2 Nf6 24. Qe7 Qxe7 25. Rxe7 Rd7 26. Rxd7 Nxd7 27. Nxd4 Bxd4 28. cxd4 Kf8 29. Kf1 Ke7 30. Ke2 Kf6 31. Bb3 Nb6 32. Kf3 Kxf5 33. Bxf7 Na4 34. Bg8 h6 35. b3 Nc3 36. a4 b5 37. a5 Nd5 38. Bf7 g5 39. Be8 Nb4 40. Bd7+ Kf6 41. Ke4 Ke7 42. Bc8 Kd6 43. Bf5 Nc2 44. Bh7 c5 45. dxc5+ Kxc5 46. Bg8 Kb4 47. d4 Kxa5 48. d5 Kb6 49. d6 a5 50. Ke5 a4 51. bxa4 bxa4 52. Kf6 Nd4 53. Kg6 Kc6 54. Kxh6 Kxd6 55. Kxg5 a3 56. Ba2 Ke5 57. h4 Ne6+ 58. Kg6 f3 59. gxf3 Nd4 60. h5 Nf5 61. Kg5 Ng7 62. f4+ Ke4 63. f3+ Kxf3 64. h6 Ne6+ 65. Bxe6 1-0

[Event "Krakow op-A 25th"]
[Site "Krakow"]
[Date "2015.01.04"]
[Round "9"]
[White "Szczepaniak, Lukasz"]
[Black "Lach, Aleksandra"]
[Result "0-1"]
[WhiteElo "2063"]
[BlackElo "2208"]
[PlyCount "120"]
[EventDate "2014.12.27"]
[EventType "swiss"]
[EventRounds "9"]
[EventCountry "POL"]
[SourceTitle "CBM 164 Extra"]
[Source "ChessBase"]
[SourceDate "2015.03.02"]
[SourceVersion "1"]
[SourceVersionDate "2015.03.02"]
[SourceQuality "1"]

1. c4 e5 2. Nc3 Nf6 3. g3 d5 4. cxd5 Nxd5 5. Bg2 Nb6 6. Nf3 Nc6 7. 0-0 Be7 8. a3 a5 9. d3 0-0 10. Be3 Be6 11. Nd2 f5 12. b3 Nd5 13. Nxd5 Bxd5 14. Bxd5+ Qxd5 15. Nf3 f4 16. Bc1 fxg3 17. hxg3 Bc5 18. Qc2 Bd4 19. Ra2 b5 20. Ng5 Bb6 21. d4 e4 22. Qxe4 Qxe4 23. Nxe4 Nxd4 24. Be3 Nxb3 25. Bxb6 cxb6 26. Nd6 b4 27. axb4 a4 28. e4 Rf3 29. Rd1 Rc3 30. e5 Rc1 31. Rxc1 Nxc1 32. Ra3 Ne2+ 33. Kg2 Nd4 34. b5 Kf8 35. f4 g6 36. Ra2 a3 37. Kf2 Ke7 38. Nc4 Nxb5 39. Nxb6 Ra6 40. Nc4 Ra4 41. Nb6 Ra6 42. Nc4 Ke6 43. Ke3 Kd5 44. Kd3 h5 45. Ne3+ Kc5 46. Nc2 Ra4 47. Kd2 Kc4 48. Ra1 Ra8 49. Ne3+ Kb3 50. Rb1+ Ka4 51. Nc2 Rd8+ 52. Ke3 Rc8 53. Na1 Rc3+ 54. Kf2 Nd4 55. Rb6 Rf3+ 56. Kg2 Re3 57. Rxg6 Re1 58. Rd6 Re4 59. Kh3 Kb5 60. Rd8 a2 0-1

[Event "Krakow op-A 25th"]
[Site "Krakow"]
[Date "2015.01.02"]
[Round "7"]
[White "Szczepaniak, Lukasz"]
[Black "Kaczmarek, Aleksander"]
[Result "0-1"]
[WhiteElo "2063"]
[BlackElo "2316"]
[PlyCount "62"]
[EventDate "2014.12.27"]
[EventType "swiss"]
[EventRounds "9"]
[EventCountry "POL"]
[SourceTitle "CBM 164 Extra"]
[Source "ChessBase"]
[SourceDate "2015.03.02"]
[SourceVersion "1"]
[SourceVersionDate "2015.03.02"]
[SourceQuality "1"]

1. e4 c6 2. d4 d5 3. f3 e6 4. Nc3 Qb6 5. Nge2 Nf6 6. b3 Be7 7. Bb2 0-0 8. Qd3 a5 9. 0-0-0 Na6 10. Kb1 Bd7 11. g4 Nb4 12. Qe3 dxe4 13. fxe4 a4 14. g5 axb3 15. cxb3 Ne8 16. h4 Nc7 17. Qg3 Nb5 18. Nxb5 cxb5 19. Nc1 Rfc8 20. Bd3 Qa7 21. Rh2 Nxa2 22. Rc2 Rxc2 23. Bxc2 Ba3 24. Nxa2 Bxb2 25. Kxb2 Qxa2+ 26. Kc1 Rc8 27. Qd3 b4 28. e5 g6 29. h5 Rc3 30. Qe2 Qa1+ 31. Kd2 Rxc2+ 0-1

[Event "Krakow op-A 25th"]
[Site "Krakow"]
[Date "2014.12.28"]
[Round "2"]
[White "Sanchez Saez, Francisco"]
[Black "Szczepaniak, Lukasz"]
[Result "1/2-1/2"]
[WhiteElo "2279"]
[BlackElo "2063"]
[PlyCount "120"]
[EventDate "2014.12.27"]
[EventType "swiss"]
[EventRounds "9"]
[EventCountry "POL"]
[SourceTitle "CBM 164 Extra"]
[Source "ChessBase"]
[SourceDate "2015.03.02"]
[SourceVersion "1"]
[SourceVersionDate "2015.03.02"]
[SourceQuality "1"]

1. c4 e5 2. g3 Nf6 3. Bg2 d5 4. cxd5 Nxd5 5. Nc3 Nb6 6. Nf3 Nc6 7. 0-0 Be7 8. a3 Be6 9. b4 0-0 10. Rb1 f6 11. d3 a5 12. b5 Nd4 13. Nd2 Ra7 14. e3 Nf5 15. Nde4 Kh8 16. Qe2 a4 17. Rd1 Bb3 18. Rd2 Qe8 19. h4 Nd6 20. Nxd6 Bxd6 21. Bb2 Qe7 22. Ra1 f5 23. f4 Re8 24. Kh2 Qf7 25. Qf2 Nd7 26. fxe5 Nxe5 27. Bh3 Ng4+ 28. Bxg4 fxg4 29. Qxf7 Bxf7 30. Ne4 Ra5 31. Rf1 Bg6 32. b6 Rd5 33. Nxd6 cxd6 34. Bd4 Rc8 35. Rff2 Rf5 36. e4 Rxf2+ 37. Rxf2 Kg8 38. Kg2 h5 39. Rb2 Be8 40. Kf2 Rc1 41. Ke3 Rf1 42. Rc2 Bb5 43. Rc8+ Rf8 44. Rxf8+ Kxf8 45. Bc3 Kf7 46. d4 g6 47. Bb4 Ke6 48. d5+ Kd7 49. Kd4 Be2 50. Bd2 Bd1 51. Kc3 Bf3 52. Kd3 Bg2 53. Ke3 Bf3 54. Bb4 Bg2 55. Kd4 Bf3 56. e5 dxe5+ 57. Kxe5 Bd1 58. Kd4 Bb3 59. Kc5 Bc2 60. Bd2 Bb3 1/2-1/2

[Event "Krakow op-A 25th"]
[Site "Krakow"]
[Date "2014.12.27"]
[Round "1"]
[White "Szczepaniak, Lukasz"]
[Black "Dietmayer Kraeutler, Marco"]
[Result "1/2-1/2"]
[WhiteElo "2063"]
[BlackElo "2264"]
[PlyCount "56"]
[EventDate "2014.12.27"]
[EventType "swiss"]
[EventRounds "9"]
[EventCountry "POL"]
[SourceTitle "CBM 164 Extra"]
[Source "ChessBase"]
[SourceDate "2015.03.02"]
[SourceVersion "1"]
[SourceVersionDate "2015.03.02"]
[SourceQuality "1"]

1. e4 d5 2. exd5 Qxd5 3. Nc3 Qa5 4. d4 Nf6 5. Bc4 Bf5 6. Nge2 e6 7. 0-0 c6 8. Re1 Bd6 9. Bf4 Bxf4 10. Nxf4 0-0 11. Nce2 Nbd7 12. Ng3 Bg6 13. c3 Rad8 14. Bxe6 fxe6 15. Nxe6 Nd5 16. Qd2 N7f6 17. Qg5 Qb6 18. h4 Rd7 19. Nxf8 Kxf8 20. h5 Bd3 21. Qd2 Ba6 22. h6 g6 23. Re6 Kf7 24. Rae1 Qc7 25. R6e5 Ng4 26. R5e4 Ngf6 27. Re5 Ng4 28. R5e4 Ngf6 1/2-1/2

[Event "POL-chT3 Dolnoslaskie 1415"]
[Site "Poland"]
[Date "2014.11.23"]
[Round "3.13"]
[White "Wrobel, Maciej"]
[Black "Szczepaniak, Lukasz"]
[Result "0-1"]
[WhiteElo "1918"]
[BlackElo "2046"]
[PlyCount "38"]
[EventDate "2014.10.26"]
[EventType "team-tourn"]
[EventRounds "11"]
[EventCountry "POL"]
[SourceTitle "EXT 2018"]
[Source "ChessBase"]
[SourceDate "2017.10.13"]
[SourceVersion "1"]
[SourceVersionDate "2017.10.13"]
[SourceQuality "1"]
[WhiteTeam "Olawa MGLKS Parnas"]
[BlackTeam "Kopernik WKS"]
[WhiteTeamCountry "POL"]
[BlackTeamCountry "POL"]

1. e4 e5 2. Nf3 Nc6 3. Bc4 Bc5 4. b4 Bxb4 5. c3 Ba5 6. d4 exd4 7. 0-0 Nge7 8. Ng5 d5 9. exd5 Ne5 10. Qxd4 f6 11. Bb3 Bb6 12. Qe4 Bf5 13. Qa4+ Bd7 14. Qe4 Bf5 15. Qa4+ Qd7 16. Qxd7+ Bxd7 17. Ne4 Bb5 18. Rd1 0-0-0 19. Na3 Bd3 0-1

[Event "POL-chT3 Dolnoslaskie 1415"]
[Site "Poland"]
[Date "2014.11.09"]
[Round "2.22"]
[White "Koszkul, Wojciech"]
[Black "Szczepaniak, Lukasz"]
[Result "0-1"]
[WhiteElo "2012"]
[BlackElo "2046"]
[PlyCount "70"]
[EventDate "2014.10.26"]
[EventType "team-tourn"]
[EventRounds "11"]
[EventCountry "POL"]
[SourceTitle "EXT 2018"]
[Source "ChessBase"]
[SourceDate "2017.10.13"]
[SourceVersion "1"]
[SourceVersionDate "2017.10.13"]
[SourceQuality "1"]
[WhiteTeam "Przedwojow Debiut"]
[BlackTeam "Kopernik WKS"]
[WhiteTeamCountry "POL"]
[BlackTeamCountry "POL"]

1. d4 f5 2. c4 Nf6 3. Nf3 g6 4. Nc3 Bg7 5. e3 0-0 6. Be2 d6 7. 0-0 Nc6 8. Rb1 e5 9. d5 Ne7 10. b4 h6 11. Bb2 g5 12. h3 Ng6 13. Nd2 Qe7 14. Qb3 h5 15. c5 g4 16. hxg4 hxg4 17. g3 f4 18. Bd3 Nh8 19. exf4 exf4 20. Rbe1 Qd8 21. Nce4 Nf7 22. Nxf6+ Bxf6 23. Ne4 Bxb2 24. Qxb2 Ne5 25. Be2 f3 26. Bb5 a6 27. cxd6 cxd6 28. Nxd6 Qxd6 29. Rxe5 axb5 30. Rg5+ Kf7 31. Qg7+ Ke8 32. Re1+ Kd8 33. Rg6 Qxb4 34. Re3 Rxa2 35. d6 Qb1+ 0-1

[Event "Kochan Memorial op 25th"]
[Site "Koszalin"]
[Date "2014.08.17"]
[Round "8"]
[White "Kupiak, Sylwester"]
[Black "Szczepaniak, Lukasz"]
[Result "1-0"]
[WhiteElo "1620"]
[BlackElo "1414"]
[PlyCount "81"]
[EventDate "2014.08.10"]
[EventType "swiss"]
[EventRounds "9"]
[EventCountry "POL"]
[SourceTitle "CBM 161 Extra"]
[Source "ChessBase"]
[SourceDate "2014.08.29"]
[SourceVersion "1"]
[SourceVersionDate "2014.08.29"]
[SourceQuality "1"]

1. e4 c6 2. d4 d5 3. e5 Bf5 4. g4 Be4 5. f3 Bg6 6. h4 h5 7. e6 Qd6 8. exf7+ Bxf7 9. Ne2 e5 10. dxe5 Qxe5 11. g5 Bd6 12. f4 Qe4 13. Rh3 Bc5 14. Nbc3 Qe7 15. f5 g6 16. f6 Nxf6 17. gxf6 Qxf6 18. Bg5 Qe5 19. Na4 Nd7 20. Rf3 0-0 21. Bh3 Be6 22. Nxc5 Nxc5 23. Re3 Ne4 24. Bxe6+ Qxe6 25. Qd3 Rf2 26. 0-0-0 Re8 27. Ng3 Nc5 28. Qc3 Ne4 29. Qd4 Qf7 30. Nxe4 dxe4 31. Rxe4 Rxe4 32. Qxe4 Rf1 33. Rxf1 Qxf1+ 34. Kd2 Qf2+ 35. Kc3 Qg3+ 36. Kc4 b5+ 37. Kc5 Qf2+ 38. Be3 Qf8+ 39. Kd4 Qd6+ 40. Kc3 a5 41. Qe8+ 1-0

[Event "Kochan Memorial op 25th"]
[Site "Koszalin"]
[Date "2014.08.14"]
[Round "4"]
[White "Luczak, Filip"]
[Black "Szczepaniak, Lukasz"]
[Result "0-1"]
[WhiteElo "1406"]
[BlackElo "1414"]
[PlyCount "84"]
[EventDate "2014.08.10"]
[EventType "swiss"]
[EventRounds "9"]
[EventCountry "POL"]
[SourceTitle "CBM 161 Extra"]
[Source "ChessBase"]
[SourceDate "2014.08.29"]
[SourceVersion "1"]
[SourceVersionDate "2014.08.29"]
[SourceQuality "1"]

1. e4 c6 2. d4 d5 3. Nc3 dxe4 4. Nxe4 Bf5 5. Ng3 Bg6 6. Nf3 h6 7. Bd3 Bxd3 8. Qxd3 Nf6 9. Bd2 e6 10. c4 Nbd7 11. Bc3 Qc7 12. 0-0 0-0-0 13. b4 c5 14. dxc5 Nxc5 15. Qe3 Rd3 16. Qe5 Qxe5 17. Bxe5 Ncd7 18. Rab1 Bd6 19. Ne1 Nxe5 20. Nxd3 Nxd3 21. Rfd1 Bxg3 22. Rxd3 Bc7 23. Rbd1 Bb6 24. g3 Ne4 25. c5 Bc7 26. f3 Nf6 27. b5 Rd8 28. Rxd8+ Bxd8 29. Kf2 Nd5 30. a4 Bf6 31. Rd3 Nc3 32. c6 Nd5 33. cxb7+ Kxb7 34. f4 Kb6 35. f5 Ka5 36. fxe6 fxe6 37. Ra3 Nc3 38. Ke3 Nxa4 39. Kd3 Bb2 40. Ra2 Kxb5 41. Ke4 Nc3+ 42. Ke5 Nxa2+ 0-1

[Event "Wroclaw op 9th"]
[Site "Wroclaw"]
[Date "2014.07.01"]
[Round "5"]
[White "Piotrowski, Przemyslaw"]
[Black "Szczepaniak, Lukasz"]
[Result "1-0"]
[WhiteElo "2132"]
[BlackElo "2055"]
[PlyCount "127"]
[EventDate "2014.06.29"]
[EventType "swiss"]
[EventRounds "9"]
[EventCountry "POL"]
[SourceTitle "EXT 2015"]
[Source "ChessBase"]
[SourceDate "2014.11.20"]
[SourceVersion "1"]
[SourceVersionDate "2014.11.20"]
[SourceQuality "1"]

1. Nf3 d5 2. d4 Nf6 3. g3 e6 4. Bg2 c5 5. c4 dxc4 6. Qa4+ Nc6 7. dxc5 Qa5+ 8. Qxa5 Nxa5 9. Bd2 Nc6 10. Na3 Bxc5 11. Nxc4 Ne4 12. 0-0 Nxd2 13. Nfxd2 0-0 14. Ne4 Be7 15. Rfd1 Rb8 16. Ned6 Rd8 17. Bxc6 bxc6 18. Nxc8 Rbxc8 19. Rac1 Kf8 20. Rxd8+ Rxd8 21. Ne5 c5 22. Nd3 Rb8 23. b3 Rc8 24. Rc4 a5 25. a3 Rb8 26. Nxc5 Rb5 27. b4 Bxc5 28. bxc5 Ke7 29. c6 Kd8 30. c7+ Kc8 31. Kg2 Rb3 32. Ra4 Rb5 33. Rc4 Rb3 34. Ra4 Rb5 35. Rf4 Rf5 36. Rc4 Rb5 37. Rc3 h6 38. e3 g5 39. Kf3 Rf5+ 40. Ke2 Rb5 41. e4 Rb2+ 42. Ke3 a4 43. h4 Rb7 44. hxg5 hxg5 45. Kd4 Rb2 46. f4 gxf4 47. gxf4 Rb7 48. Rc4 Rb3 49. Rxa4 Kxc7 50. Ke5 Kd7 51. Ra7+ Ke8 52. a4 Rb4 53. a5 Rc4 54. a6 Ra4 55. f5 exf5 56. exf5 Ra1 57. Kf6 Ra5 58. Re7+ Kd8 59. a7 Kc8 60. a8R+ Rxa8 61. Re8+ Kb7 62. Rxa8 Kxa8 63. Kxf7 Kb7 64. Ke7 1-0

[Event "Wroclaw op 9th"]
[Site "Wroclaw"]
[Date "2014.06.29"]
[Round "1"]
[White "Kosinski, Bartosz"]
[Black "Szczepaniak, Lukasz"]
[Result "0-1"]
[WhiteElo "1539"]
[BlackElo "2055"]
[PlyCount "66"]
[EventDate "2014.06.29"]
[EventType "swiss"]
[EventRounds "9"]
[EventCountry "POL"]
[SourceTitle "EXT 2015"]
[Source "ChessBase"]
[SourceDate "2014.11.20"]
[SourceVersion "1"]
[SourceVersionDate "2014.11.20"]
[SourceQuality "1"]

1. e4 e5 2. Nf3 Nc6 3. d4 exd4 4. c3 d5 5. exd5 Qxd5 6. cxd4 Bg4 7. Nc3 Bb4 8. Be2 Nf6 9. 0-0 Qa5 10. Qd3 0-0-0 11. Be3 Kb8 12. a3 Bd6 13. d5 Bxf3 14. b4 Bxe2 15. Qxe2 Qa6 16. Qxa6 bxa6 17. dxc6 Be5 18. Rac1 Rd3 19. Nb1 Rhd8 20. Rc5 Ng4 21. Bg5 Bxh2+ 22. Kh1 f6 23. f3 fxg5 24. fxg4 Bf4 25. Nc3 R8d6 26. g3 Rxg3 27. Rf2 Rh6+ 28. Rh2 Rxh2+ 29. Kxh2 Rxc3+ 30. Kg2 Rxc5 31. bxc5 Be3 32. Kf3 Bxc5 33. a4 a5 0-1

[Event "POL-chT3 Dolnoslaskie 1314"]
[Site "Poland"]
[Date "2014.01.19"]
[Round "7.13"]
[White "Szczepaniak, Lukasz"]
[Black "Dzieczkaniec, Wieslaw"]
[Result "1-0"]
[WhiteElo "2018"]
[BlackElo "1875"]
[PlyCount "125"]
[EventDate "2013.10.20"]
[EventType "team-tourn"]
[EventRounds "11"]
[EventCountry "POL"]
[SourceTitle "EXT 2018"]
[Source "ChessBase"]
[SourceDate "2017.10.13"]
[SourceVersion "1"]
[SourceVersionDate "2017.10.13"]
[SourceQuality "1"]
[WhiteTeam "Gant Hetman"]
[BlackTeam "Polanica Zdroj KSz"]
[WhiteTeamCountry "POL"]
[BlackTeamCountry "POL"]

1. e4 e6 2. d3 d5 3. Nd2 d4 4. Ngf3 c5 5. g3 Nc6 6. e5 Qc7 7. Qe2 Nge7 8. a4 Qa5 9. Bg2 Ng6 10. 0-0 Be7 11. h4 h5 12. Re1 Bd7 13. Nc4 Qc7 14. Bg5 f6 15. Qe4 Kf7 16. Bd2 Ncxe5 17. Nfxe5+ Nxe5 18. Bf4 Bc6 19. Nxe5+ fxe5 20. Qxe5 Qxe5 21. Bxe5 Bxg2 22. Kxg2 Rhd8 23. Re4 Rac8 24. Rae1 Rc6 25. b3 a6 26. Rf4+ Bf6 27. f3 Rd5 28. Kh3 b5 29. axb5 axb5 30. g4 hxg4+ 31. fxg4 Kg6 32. Rfe4 Bxe5 33. Rxe5 Rxe5 34. Rxe5 Kf6 35. Re1 c4 36. bxc4 bxc4 37. Kg3 cxd3 38. cxd3 Rc3 39. Rd1 Rc2 40. Rf1+ Ke5 41. h5 Kd5 42. g5 Rc3 43. Rf3 e5 44. Kg4 Ke6 45. h6 gxh6 46. gxh6 Rc8 47. h7 e4 48. Rh3 Rh8 49. dxe4 d3 50. Kf3 d2 51. Ke2 Ke5 52. Rh4 d1Q+ 53. Kxd1 Kf6 54. Ke2 Kg5 55. Rh1 Kf4 56. Kd3 Rd8+ 57. Kc4 Rh8 58. Kd5 Kg5 59. Ke6 Kg6 60. Ke7 Kg7 61. e5 Rxh7 62. Rxh7+ Kxh7 63. Kf7 1-0

[Event "Krakow op-B 24th"]
[Site "Krakow"]
[Date "2014.01.04"]
[Round "9"]
[White "Kosakowski, Jakub"]
[Black "Szczepaniak, Lukasz"]
[Result "1/2-1/2"]
[WhiteElo "1915"]
[BlackElo "2033"]
[PlyCount "88"]
[EventDate "2013.12.27"]
[EventType "swiss"]
[EventRounds "9"]
[EventCountry "POL"]
[SourceTitle "CBM 158 Extra"]
[Source "ChessBase"]
[SourceDate "2014.02.28"]
[SourceVersion "1"]
[SourceVersionDate "2014.02.28"]
[SourceQuality "1"]

1. e4 e5 2. Nf3 Nc6 3. Bb5 a6 4. Ba4 Nf6 5. 0-0 Be7 6. Re1 b5 7. Bb3 0-0 8. a4 b4 9. d4 d6 10. dxe5 Nxe5 11. Nxe5 dxe5 12. Qxd8 Rxd8 13. Nd2 Bc5 14. h3 Bb7 15. g4 Rd4 16. Nc4 Rxe4 17. Rxe4 Nxe4 18. Be3 Bxe3 19. fxe3 Re8 20. Rd1 Nc5 21. Nxe5 Nxb3 22. cxb3 h5 23. Nc4 hxg4 24. hxg4 Be4 25. Rd2 g5 26. Kf2 Kg7 27. Rd7 Rh8 28. Rxc7 Rh2+ 29. Kg3 Rg2+ 30. Kh3 Rc2 31. Rd7 Bc6 32. Rc7 Be4 33. Rd7 Bc6 34. Rd4 Re2 35. Kg3 Rg2+ 36. Kh3 Rc2 37. Kg3 Rg2+ 38. Kh3 Rc2 39. Ne5 Bg2+ 40. Kg3 Rxb2 41. Rxb4 Bd5 42. Nc4 Bxc4 43. Rxc4 Rxb3 44. Kf3 Rb6 1/2-1/2

[Event "POL-chT3 Dolnoslaskie 1314"]
[Site "Poland"]
[Date "2013.12.15"]
[Round "5.19"]
[White "Jurkowski, Marcin"]
[Black "Szczepaniak, Lukasz"]
[Result "1-0"]
[WhiteElo "2005"]
[BlackElo "2018"]
[PlyCount "97"]
[EventDate "2013.10.20"]
[EventType "team-tourn"]
[EventRounds "11"]
[EventCountry "POL"]
[SourceTitle "EXT 2018"]
[Source "ChessBase"]
[SourceDate "2017.10.13"]
[SourceVersion "1"]
[SourceVersionDate "2017.10.13"]
[SourceQuality "1"]
[WhiteTeam "Przedwojow Debiut"]
[BlackTeam "Gant Hetman"]
[WhiteTeamCountry "POL"]
[BlackTeamCountry "POL"]

1. d4 d5 2. c4 c6 3. Nf3 Nf6 4. Nc3 e6 5. Bg5 dxc4 6. a4 Bb4 7. e3 Qa5 8. Bxf6 Bxc3+ 9. bxc3 Qxc3+ 10. Nd2 gxf6 11. Bxc4 Nd7 12. 0-0 Qa5 13. Ne4 0-0 14. Qg4+ Kh8 15. Qh4 Qd8 16. Bd3 f5 17. Ng5 Nf6 18. f4 Kg7 19. Rf3 h6 20. Qg3 Ng4 21. h3 hxg5 22. hxg4 fxg4 23. Qxg4 f5 24. Qg3 g4 25. Rff1 Rh8 26. Rfc1 Qh4 27. Kf2 Bd7 28. Qxh4 Rxh4 29. Kg3 Rhh8 30. Rc5 Kf6 31. Rb1 Rab8 32. Ra5 a6 33. Re5 c5 34. Rxc5 Bxa4 35. Rb6 Rhc8 36. Rxf5+ Ke7 37. Re5 Bd7 38. f5 Rc3 39. Bxa6 Ra8 40. Bb5 Bxb5 41. Rbxe6+ Kf8 42. Rxb5 Raa3 43. Rxb7 Rxe3+ 44. Rxe3 Rxe3+ 45. Kxg4 Re4+ 46. Kg5 Rxd4 47. g4 Ra4 48. f6 Ke8 49. Kg6 1-0